000 00621nam a2200229Ia 4500
003 OSt
005 20220923211732.0
006 a|||||r|||| 00| 0
007 ta
008 Pun
024 _a43,839
037 _cTextual
040 _aARTS
_cARTS
_bPun
041 _2Pun
_aPun
082 _aO153,3N24x, J8
100 _aਸਿੰਘ, ਸਵਿੰਦਰ ਸਿੰਘ
245 0 _aਭਰਾ ਭਰਾਵਾਂ ਦੇ
260 _c1958
650 _aਪੰਜਾਬੀ ਸਾਹਿਤ
942 _hO153,3N24x, J8
_cTEXL
_2CC
999 _c303002
_d303002